[Event "Ideal Clave op"]
[Site "Barcelona"]
[Date "1997.10.25"]
[Round "5"]
[White "Jerez Fernandez, Miguel"]
[Black "Felipo Pages, Danilo"]
[Result "0-1"]
[WhiteElo "1815"]
[BlackElo "1945"]
[PlyCount "68"]
[EventDate "1997.09.??"]
[EventType "swiss"]
[EventRounds "9"]
[EventCountry "ESP"]
[SourceTitle "EXT 2003"]
[Source "ChessBase"]
[SourceDate "2002.11.25"]
[SourceVersion "1"]
[SourceVersionDate "2002.11.25"]
[SourceQuality "1"]

1. d4 Nf6 2. c4 c6 3. g3 d5 4. Bg2 Bf5 5. Nf3 dxc4 6. Na3 Be6 7. e3 Bd5 8. 0-0 b5 9. Bd2 e6 10. Qc1 Bxa3 11. bxa3 a5 12. Qb2 Nbd7 13. Ne5 Bxg2 14. Kxg2 Nxe5 15. dxe5 Nd5 16. Rad1 Qc7 17. e4 Nb6 18. Bc3 0-0 19. Rd6 Rfd8 20. Rfd1 Nd7 21. Qe2 Ra7 22. f4 c5 23. Qf2 b4 24. axb4 axb4 25. Be1 c3 26. Qc2 Raa8 27. Bf2 g6 28. Qb3 Ra3 29. Qc4 Qa7 30. Bxc5 Rxa2+ 31. Kh3 Qxc5 32. Qxc5 Nxc5 33. Rxd8+ Kg7 34. Rc8 Nxe4 0-1

[Event "Catalunya-chB"]
[Site "Spain"]
[Date "1996.11.17"]
[Round "7"]
[White "Jerez Fernandez, Miguel"]
[Black "Daimiel Bescos, Eleuterio"]
[Result "0-1"]
[WhiteElo "1900"]
[BlackElo "1990"]
[PlyCount "154"]
[EventDate "1997.??.??"]
[EventType "swiss"]
[EventRounds "8"]
[EventCountry "ESP"]
[SourceTitle "EXT 2003"]
[Source "ChessBase"]
[SourceDate "2002.11.25"]
[SourceVersion "1"]
[SourceVersionDate "2002.11.25"]
[SourceQuality "1"]

1. d4 d5 2. c4 e6 3. g3 c6 4. Nf3 dxc4 5. Qc2 b5 6. Bg2 Bb7 7. 0-0 Nf6 8. Rd1 g6 9. Ne5 Qb6 10. a4 Bg7 11. a5 Qc7 12. Bf4 Qc8 13. b3 cxb3 14. Qxb3 0-0 15. Nc3 a6 16. Rac1 Qd8 17. Ne4 Nxe4 18. Bxe4 Qxa5 19. Bxc6 Nxc6 20. Nxc6 Bxc6 21. Rxc6 Rfc8 22. Qc2 Qd8 23. e3 Qd7 24. Rxc8+ Rxc8 25. Qa2 Qb7 26. Ra1 Rc6 27. Qa5 b4 28. Qd8+ Bf8 29. Be5 Qe7 30. Qa8 Rb6 31. Rxa6 Qb7 32. Qxb7 Rxb7 33. Ra1 b3 34. Rb1 Be7 35. g4 Bd8 36. Kf1 Kf8 37. Bd6+ Ke8 38. Ke2 Kd7 39. Bc5 Kc6 40. Kd3 Ba5 41. Kc4 b2 42. Ba3 f5 43. gxf5 gxf5 44. Rxb2 Rg7 45. f3 Bc7 46. e4 fxe4 47. fxe4 Rg4 48. Re2 Rh4 49. e5 Bd8 50. Bc1 Bb6 51. Be3 Re4 52. Re1 Bxd4 53. Bf2 Rxe1 54. Bxe1 Bxe5 55. h3 Bf6 56. Bd2 Kd6 57. Kd3 Ke5 58. Ke2 Ke4 59. Bc1 Bd4 60. Bd2 Kf5 61. Kd3 e5 62. Bc1 Bc5 63. Ke2 e4 64. Bd2 Bd6 65. Be3 Bf4 66. Bd4 Bc1 67. Kd1 Bg5 68. Ke2 h6 69. Bc5 Ke5 70. Bf2 Bc1 71. h4 h5 72. Kd1 e3 73. Bg3+ Ke4 74. Kxc1 Kf3 75. Be1 Ke2 76. Bg3 Kf3 77. Be1 Kg2 0-1